000 00662cam a2200217 a 4500
001 12389876
005 20260312184902.0
008 010425s2002 maua b 001 0 eng
020 _a0072408596
020 _a9780072408591
050 0 0 _aHD31
_b.B369485 2002
082 0 0 _a658.4
_221
100 1 _aBateman, Thomas S.
245 1 0 _aManagement :
_bcompeting in the new era /
_cThomas S. Bateman, Scott A. Snell.
250 _a5th ed.
260 _aBoston :
_bIrwin,
_c2002.
300 _axxiii, 611, [65] p. :
_bcol. ill. ;
_c28 cm. +
_e1 computer optical disc (4 3/4 in.)
650 0 _aManagement.
700 1 _aSnell, Scott A.
942 _2lcc
_cBK
_e5th ed.
_n0
999 _c9001
_d9001